01703nam a2200421 a 4500001001200000003000800012006001900020007001500039008004100054010001700095020001500112020001800127020002700145040002100172035002100193041001300214043002100227050002500248245017900273246004400452260005500496300001900551504004100570533015200611546003200763650005100795650007200846650004400918650003400962650002600996655002901022700002401051700001901075700002501094710001701119856012601136999001901262ebr10452838CaPaEBRm u cr cn|||||||||070129s2006 be a sb 000 0 eng d z 2007370283 z9058675785 z9789058675781 z9789461660220 (e-book) aCaPaEBRcCaPaEBR a(OCoLC)7151719610 aengadut ae-uk-enae-ne---14aPR129.N4bT48 2006eb00aTextual mobility and cultural transmissionh[electronic resource] =bTekstmobiliteit en culturele overdracht /cMartine de Clercq, Tom Toremans and Walter Verschueren (red.).31aTekstmobiliteit en culturele overdracht aLeuven, Belgium :bLeuven University Press,c2006. a115 p. :bill. aIncludes bibliographical references. aElectronic reproduction.bPalo Alto, Calif. :cebrary,d2013.nAvailable via World Wide Web.nAccess may be limited to ebrary affiliated libraries. aTexts in English and Dutch. 0aEnglish literaturexAppreciationzNetherlands. 0aEnglish literaturexTranslations into DutchxHistory and criticism. 0aEnglish literaturexCriticism, Textual. 0aTranslating and interpreting. 0aLanguage and culture. 7aElectronic books.2local1 aClercq, Martine de.1 aToremans, Tom.1 aVerschueren, Walter.2 aebrary, Inc.40uhttp://site.ebrary.com/lib/rucke/Doc?id=10452838zAn electronic book accessible through the World Wide Web; click to view c139898d139898